| 000 | 00683cab a2200241 4500 | ||
|---|---|---|---|
| 001 | ABS39817 | ||
| 008 | 090401t1988 xxu||||| |||| 00| 0 eng d | ||
| 035 | _a(Sirsi) u19128 | ||
| 041 | _aeng | ||
| 100 | _aMiles, L. | ||
| 245 | _aBBC thinks pink for a palace | ||
| 260 | _c1988 | ||
| 350 | _a0 | ||
| 490 |
_aNational Builder _vOctober 1988, 253(1) |
||
| 520 | _aReports on the construction of the BBC `s new regional headquarters at Newcastle upon Tyne . | ||
| 650 | _aBROADCASTING STATION | ||
| 650 | _aNEWCASTLE UPON TYNE | ||
| 650 | _aRADIO STATION | ||
| 650 | _aSTEEL FRAMING | ||
| 690 | _aBUILDING AND CONSTRUCTION-PROJECTS | ||
| 942 | _n0 | ||
| 948 | _c04/03/1997 | ||
| 999 |
_c12740 _d12740 |
||